Rivers flowing through countries Quiz Stats

Quiz not verified by Sporcle

Challenge
Share
Tweet
Embed
Score 0/74 Timer 10:00
0 Plays Today
River % Correct
Nile 4,135 MilesEgypt
99.4%
Sudan
94.4%
Danube 1,771 MilesGermany
92.1%
Germany
92.1%
Elbe 678 MilesGermany
92.1%
France
90.4%
Amazon 3,980 MilesBrazil
89.9%
Republic of Congo
89.9%
Brazil
89.9%
Mekong 2,635 MilesChina
89.3%
Austria
89.3%
Austria
89.3%
Czech Republic
89.3%
Yukon 1,980 MilesUnited States
89.3%
Rio Grande 1,885 MilesUnited States
89.3%
Kenya
88.8%
Yenisey 3,534 MilesRussia
88.2%
Ural 2,290 milesRussia
88.2%
Dnieper 1,423 MilesRussia
88.2%
Canada
88.2%
Ethiopia
87.6%
Niger
87.6%
Salween 1,749 MilesChina
87.6%
Mexico
87.6%
Vietnam
86.5%
Paraguay
86.5%
Nigeria
86%
Peru
85.4%
Uruguay
84.8%
Ukraine
84.8%
Hungary
84.8%
Ukraine
84.8%
Laos
84.3%
Parana 2,485 MilesArgentina
84.3%
Tanzania
83.7%
Tanzania
83.7%
Rhine 730 milesSwitzerland
83.7%
River % Correct
Romania
83.1%
Colombia
83.1%
Netherlands
82.6%
Bulgaria
82%
Iraq
81.5%
Venezuela
81.5%
Rwanda
80.9%
Myanmar
80.9%
Myanmar
80.9%
Rwanda
80.9%
Uganda
80.3%
Cambodia
80.3%
Bolivia
79.8%
Thailand
78.7%
Slovakia
78.7%
Ecuador
77.5%
Mongolia
77%
Belarus
77%
Euphrates 1,780 MilesTurkey
76.4%
Serbia
75.3%
Central African Republic
74.2%
Mali
74.2%
Central African Republic
74.2%
Croatia
71.9%
Syria
70.8%
Burundi
68%
Kazakhstan
68%
Liechtenstein
68%
Angola
66.9%
Zambia
61.2%
Niger 2,590 MilesBenin
61.2%
Tagus 645 MilesSpain
60.7%
Portugal
59%
Congo 2,914 MilesD R Congo
51.7%
Guinea
48.9%
Thailand
44.9%
D R Congo
42.1%

You're not logged in!

Compare scores with friends on all Sporcle quizzes.
Join for Free
OR
Log In

You Might Also Like...

Show Comments

Extras

Top Quizzes Today


Score Distribution

Your Account Isn't Verified!

In order to create a playlist on Sporcle, you need to verify the email address you used during registration. Go to your Sporcle Settings to finish the process.

Report this User

Report this user for behavior that violates our Community Guidelines.

Details: